000 01043nam a22002537a 4500
999 _c63263
_d63263
005 20240530110631.0
008 170709s2014 ua fc f b 000 0 ara d
017 _a2012/5718
_bمصر. دار الكتب المصرية
020 _a9789772165167
040 _aEG-CaGPL
_cEG-CaGPL
082 0 4 _221
_a962.1\
_bق/ج أ
100 1 _aجارياتشكين ، جينادى فاسيليفيتس
245 1 2 _aالاسكندرية الروسية قدر المهاجرين فى مصر /
_cتاليف جينادي فاسيليفيتش جارياتشكين ؛ ترجمة علي فهمي عبد السلام .
250 _aط.1
260 _aالقاهرة :
_c2014 .
300 _a482 ص :
_bصور ؛
_c24 سم .
490 1 _aالمركز القومي للترجمة ؛
_v2174
504 _aببلوجرافية : ص 387 - 428
650 0 7 _2qrmak
_aالمهاجرون .
651 0 7 _2qrmak
_aمصر
_xالسكان الاجانب .
700 0 _aعلي فهمى عبدالسلام
_eمترجم .
942 _2ddc
_cBK